|
|
|
|
| LEADER |
01109nam a2200265 a 4500 |
| 001 |
4312661 |
| 008 |
090817s1993 ne a b 001 0 eng d |
| 010 |
|
|
|a 87009893
|
| 020 |
|
|
|a 9027722447 (alk. paper)
|
| 020 |
|
|
|a 9027722455 (pbk. : alk. paper)
|
| 040 |
|
|
|a DLC
|c DLC
|d DLC
|
| 082 |
0 |
0 |
|a 410/.72
|2 19
|
| 100 |
1 |
|
|a Partee, Barbara Hall.
|
| 245 |
1 |
0 |
|a Mathematical methods in linguistics /
|c by Barbara H. Partee, Alice ter Meulen, and Robert E. Wall.
|
| 260 |
|
|
|a Dordrecht ;
|a Boston :
|b Kluwer Academic,
|c c1993.
|
| 300 |
|
|
|a xxii, 664 p. :
|b ill. ;
|c 24 cm.
|
| 490 |
0 |
|
|a Studies in linguistics and philosophy ;
|v v. 30
|
| 504 |
|
|
|a Includes bibliographical references (p. 637-642) and index.
|
| 541 |
1 |
|
|e 00009720
|
| 650 |
|
0 |
|a Mathematical linguistics.
|
| 700 |
1 |
|
|a Meulen, Alice G. B. ter.
|
| 700 |
1 |
|
|a Wall, Robert Eugene.
|
| 852 |
4 |
|
|a Ayesha Abed Library
|j General Shelf.
|
| 999 |
|
|
|c 3438
|d 3438
|
| 952 |
|
|
|0 0
|1 0
|2 ddc
|4 0
|6 410_720000000000000_PAR_1993
|7 0
|9 3121
|a BRACUL
|b BRACUL
|c GEN
|d 2009-09-01
|g 0.00
|l 0
|o 410.72 PAR
|p 3010009720
|r 2009-09-01
|t 1
|w 2009-09-01
|y BK
|x No price found in the accession register.
|